000 00978nmc a2200337 a 4500
003 AR-BaBNM
005 20251128211611.0
008 164120s2000 ||||||||||||||000 | spa||
020 _a950-701-636-8
040 _cAR-BaBNM
245 1 0 _aEnseñar historia argentina contemporánea
_bhistoria oral, cine y prensa escrita
260 _aBuenos Aires
_bAique
_c2000
300 0 _a135 p.
490 0 _aCarrera docente
500 0 _aContiene índice temático-alfabético
504 _aContiene referencias bibliográficas p. 132-133
650 4 _aHISTORIA ARGENTINA
650 4 _aENSENANZA DE LA HISTORIA
650 4 _aHISTORIA CONTEMPORANEA
650 4 _aHISTORIA ORAL
650 4 _aCINE
650 4 _aPRENSA
653 _aESTRATEGIAS DIDACTICAS
700 1 _aDobaño Fernández, Palmira
700 1 _aLewkowicz, Mariana
700 1 _aRodríguez, Martha
700 1 _aRoman, Viviana
800 1 _aPironio, Susana
942 _cBK
998 _cme-solo cat
999 _c20371
_d20371